000 01076nam a2200313 i 4500
005 20220317000105.0
007 ta
008 210824s20112015sp a br 000 1 spa d
020 _a9788489804494
040 _aCO-BoRNBP
_bspa
_cCO-BoRNBP
_erda
041 1 _aspa
_hger
084 _aA BAU4
100 1 _aBauer, Jutta
_d1955-
_eautora
245 1 3 _aEl ángel del abuelo
_cJutta Bauer ; traducción de L. Rodríguez López
250 _aCuarta edición
_bQuinta edición
264 1 _aMadrid
_bLóguez Ediciones
_c2011
_c2015
300 _a[41] páginas sin numerar
_bilustraciones
_c20 cm
336 _atexto
_btxt
_2rdacontent
337 _asin mediación
_bn
_2rdamedia
338 _avolumen
_bnc
_2rdacarrier
521 _aRecomendado para un público infantil mayor de 6 años
534 _tOpas engel
650 1 7 _aÁlbumes infantiles alemanes
_ySiglo XX
_2LEMB
650 1 7 _aLiteratura infantil alemana
_ySiglo XX
_2LEMB
650 1 7 _aÁngeles
_vÁlbum
_2LEMB
650 1 7 _aAbuelos
_vÁlbum
_2LEMB
700 1 _aRodríguez López, L.
_etraductor
_916183
942 _2loc
_cBKLIT
999 _c3090
_d3090